MDQL
is popping MORE tags! Check the
thread
!
Quizzes
Events
Quiz Creation
Community
Videos
Private Events
Remove Ads
Sign In
Join for FREE
Feedback
Dark Mode
Quiz Categories
Sports
Geography
Music
Movies
Television
Just For Fun
Miscellaneous
History
Literature
Language
Science
Gaming
Entertainment
Religion
Holiday
For Kids
Quiz Lab
Recent
Popular Today
Quiz Kudos Today
Editor Picks
Curator Picks
Quizzes by...
Day
Popularity
Type
Ratings
Length
Year
Community
Subscriptions
Recent Discussions
Orange Saloon
Badges
Playlists
Quests
Create
Leaderboards
Showdown
Live 5
Trivia Bingo
Activity
Puzzle Library
Sporcle Events
Private Events
Virtual Trivia
Globe League
Become a Host
Pub Owners
SporcleCon
Opinionation
Our Games
Videos
Blog
Mobile Apps
Partnerships
Remove Ads and Go Orange
Feedback
Language
Vocabulary
Begins and Ends
Definition
Spanish
French
German
Italian
Chinese
Latin
Translation
Japanese
Language
Vocabulary
Begins and Ends
Definition
Spanish
French
German
Italian
Chinese
Latin
Translation
Japanese
Random Quiz
Search Sporcle
×
Quiz Lab
Quiz Lab
Language
hello
Type in answers that appear in a list
Type in answers that appear in a list
Classic
Best Score? Go Orange.
'Good day!' in other languages. Stats
Can you name the fitting language?
By
Krayzie31
7m
40 Questions
99 Plays
99 Plays
99 Plays
Comments
Comments
Give Quiz Kudos
Give Quiz Kudos
-
- Ratings
hide this ad
Forced Order
Answers have to be entered in order
Answers have to be entered in order
Random Order
Randomize order of answers
Randomize order of answers
Replay
Link that replays current quiz
Next Quiz
Link to next quiz in quiz playlist
You Got
0%
They Got
Avg Score
58%
Avg Friend Score
Upgrade to see
Score Distribution
Jump to the score distribution portion of the page
Score
0/40
Timer
07:00
0
Plays Today
expression
language
% Correct
Buon giorno!
Italian
92.9%
Bonjour!
French
92.9%
¡Buenos días!
Spanish
89.8%
Guten Tag!
German
89.8%
Merhaba!
Turkish or Arabic
85.7%
Goedendag!
Dutch
84.7%
Konnichiwa!
Japanese
82.2%
Nǐ hǎo!
Chinese Mandarin
82.2%
Namastee!
Hindi
82.2%
Hyvää päivää!
Finnish
81.6%
God dag!
Swedish
77.6%
Kaliméra!
Greek
77%
Bom dia!
Portuguese
76.5%
Góðan daginn!
Icelandic
75.5%
Dzień dobry!
Polish
75.5%
Dobrý den!
Czech
73.5%
Bună ziua!
Romanian
72.4%
Bon dia!
Catalan
68.5%
Mirëdita!
Albanian
67.6%
Yum tuv!
Hebrew
67.1%
expression
language
% Correct
Labdien!
Latvian
64.4%
Jó napot kívánok!
Hungarian
62.2%
Egun on!
Basque
62.2%
Laba diana!
Lithuanian
61.2%
Salvete!
Latin
60.2%
Xin chào!
Vietnamese
60.2%
Dobar dan!
Croatian or Bosnian
57.1%
Head päeva!
Estonian
56.8%
Annyeonghaseyo!
Korean
56.2%
Sàwàddee kráb!
Thai
56.2%
Selamat siang!
Bahasa Indonesia
55.1%
Dobroho dnya!
Ukrainian
54.8%
Habari ya Siku!
Swahili
53.4%
Gamarjoba!
Georgian
52.1%
Indemin walu!
Amharic
47.9%
Magandang hapon!
Tagalog
46.6%
Il-
ġurnata it-
tajba!
Maltese
43.9%
Sayn bayna uu?
Mongolian
41.1%
Manao ahoana!
Malagasy
39.7%
Sälemetsis be!
Kazakh
35.6%
Quiz Playlist
Details
Report
Send in Message
Add To Playlist
Classic:
Type in answers that appear in a list
Forced Order:
Answers have to be entered in order
Random Order:
Randomize order of answers
Last Updated: Feb 16, 2017
Quiz Scoreboard
CHALLENGE
Sign Up to Join the Scoreboard
Show All
Scores
Hide
Comments
May contain spoilers
Recently Published
Colored Red Africa Blitz
by spor1
Geography
30s
Find the 'City' Movie
by crazypaving
Movies
60s
5x2 Blitz: Bands
by SL_Kpop136
Music
30s
More to Explore
Quiz From the Vault
Featured Blog Post
14 Easter Pick-up Lines to Find Eggs With
hide this ad
You Might Also Like...
Tags
hello
Language Families
Today's Top Quizzes in Language
Browse Language
hide this ad
Today's Top Quizzes in hello
Browse hello
Top Contributed Quizzes in Language
1
1-10 Letter F Words III
2
1-10 Letter G Words III
3
1-10 Letter H Words III
4
1-10 Letter I Words III
5
Celtic Nations in their Language
6
Alphabetize! : 'As' words
7
1-10 Letter J Words III
8
One Thing in Common: Italy
9
1-10 Letter K Words III
10
Order Up: Top 10 Most Native Spoken Languages
Explore More
Trending Topics
Kpop
Crossword
Marvel
Disney
Harry Potter
Anime
NBA
Song
Country
Soccer
The Office
WWE
Puzzle
NFL
Pokémon
hide this ad
More By:
Krayzie31
Quiz
Plays
Rating
Category
Featured
Created
'Good day!' in other languages.
99
4.60
Language
Feb 13, 2014
Go to Creator's Profile
Score Distribution
Quiz Creator Spotlight
Krayzie31
Follow
Send a Message
Quizzes Created
-
Created Quiz Play Count
-
More By This Creator
Popular Quizzes Today
1
5x2 Blitz: Bands
2
Find the 'City' Movie
3
Find the US States - No Outlines Minefield
4
Colored Red Africa Blitz
5
The Countries of the World
6
Find the US States
7
9x9 Crossword: Cartoon Network
8
Risky Map Clicking: Biggest States A-Z
More Language Quizzes
Hello, My Name Is Benjamin
Quiz Lab
Trending Quizzes
Colored Red Africa Blitz II
Colored Red Europe Blitz I
Find the 'Dark' Movie
Find the 'Day' Movie
Find the 'Good' Movie
Recently Updated
Champions League XIs: Real Madrid
pecheneg
Largest US Cities 1790-2010
pecheneg
Rides in Walt Disney World
pecheneg
Most Oscar Losses (Acting)
pecheneg
Beyoncé Albums
pecheneg
Leaping Animals
pecheneg
Reality TV Shows (A-Z)
bhenderson79
Rickey Henderson's Hall of Fame Teammates
pecheneg
Champions League XIs: Arsenal
pecheneg
Quick Pick: Celebrities in WWE's Hall of Fame
aduchscher
Trending Topics
Harry Potter
Crossword
NBA
Marvel
Anime
Disney
Kpop
Soccer
WWE
Country
The Office
Puzzle
NFL
Song
Pokémon
Your Account Isn't Verified!
In order to create a playlist on Sporcle, you need to verify the email address you used during registration. Go to your
Sporcle Settings
to finish the process.
Report this User
Report this user for behavior that violates our
Community Guidelines
.
Details:
Send Report
Go to the Sporcle.com Mobile Site →
Comments